Systém vzdelávania samosprávy na Slovensku

Význam vzdelávania v spoločnosti. Význam vzdelávania ako ekonomického statku. Celoživotné vzdelávanie. Systém vzdelávania pre samosprávu. Regionálne vzdelávacie centrá v niektorých slovenských mestách.

Salvato in:
Dettagli Bibliografici
Autore principale: Čisárik, Peter
Natura: Capitolo di libro
Lingua:slovacco
Soggetti:
Tags: Aggiungi Tag
Nessun Tag, puoi essere il primo ad aggiungerne!!

MARC

LEADER 00000naa$a2200000$$$4500
001 0115155
005 20230918072323.9
041 0 |a slo 
044 |a SK 
245 1 0 |a Systém vzdelávania samosprávy na Slovensku  |c Peter Čisárik 
520 |a Význam vzdelávania v spoločnosti. Význam vzdelávania ako ekonomického statku. Celoživotné vzdelávanie. Systém vzdelávania pre samosprávu. Regionálne vzdelávacie centrá v niektorých slovenských mestách. 
610 2 0 |a vzdelávanie 
610 2 0 |a vzdelávanie celoživotné 
610 2 0 |a samospráva 
610 2 0 |a regióny 
610 2 0 |a Slovensko 
100 1 |a Čisárik, Peter